000 00458nam a2200181Ia 4500
001 19019
005 20260306171713.0
008 260306s9999||||xx |||||||||||||| ||und||
041 _aESP
082 _a658.8
_bA39
100 _aAlet i Vilaginés, Josep
_eAUT
245 0 _aMárketing relacional:
_bcómo obtener clientes leales y rentables
260 _c2002
300 _apágs. :
_ccm.
650 _aGEN
654 _aCAN
942 _cLIB
_dJUS
_fJUS
_2ddc
_n
999 _c19019
_d19019